000 00471nam a2200181Ia 4500
005 20250423100615.0
008 250422s9999 xx 000 0 und d
020 _a9780521523424
050 _aHB 221 .H57/
100 _aHirshleifer, Jack
245 0 _aPrice theory and applications : decision, markets, and information
260 _aNew York
260 _b Cambridge University Press
260 _c2020
300 _a614 p
650 _a Prices.
942 _cBK
999 _c33814
_d33814